Information Technology Law, Basic Study

Detalles Bibliográficos
Autor principal: Hernando, Isabel
Formato: Desconocido
Lenguaje:español
Publicado: [S.l.] : [s.n.], [2001?]
Materias:
Acceso en línea:Acceso restringido

MARC

LEADER 00000ny a22000003n 4500
005 2011060609379.0
008 080613s2001 sp s 000 0 spa c
035 |a 58 
040 |a UMA.RE  |d vLex 
080 |a 004.056.5:342.738(0.034) 
080 |a 342.738:004.056.5(0.034) 
080 |a 347.78(0.034) 
090 |c 503  |d 503 
100 1 |a Hernando, Isabel 
245 1 0 |a Information Technology Law, Basic Study  |h [Recurso electrn̤ico]  |c Isabel Hernando 
256 |a Servicio en ln̕ea 
260 |a [S.l.] :  |b [s.n.],  |c [2001?] 
506 1 |a Contenido solo disponible en los productos indicados  |d vLex Global  |d vLex Global (Academic Edition, excluding Law Schools)  |d vLex Global (U.S. Academic Edition, Law Schools)  |d vLex Global (U.S. Academic Edition, excluding Law Schools)  |d vLex Global (Academic Edition, Law Schools) 
650 0 7 |a Nuevas tecnologa̕s  |2 Tesauro vLex 
650 0 7 |a Propiedad intelectual  |2 Tesauro vLex 
740 0 |a vLex Libros (Servicios en ln̕ea) 
856 4 0 |z Acceso restringido  |u http://vlex.com/source/information-technology-law-58 
942 |c BOOK 
999 0 |a Intellectual property  |b Spain